1647 1116 1985 1746 1304 1743 1673 1657 1089 1990 1869 1660 1045 1084 1816 1006 1240 1469 1911 1766 1241 1226 1157 1651 1069 1440 1843 1322 1411 1714 1387 1690 1843 1853 1374 1969 1126 1530 1078 1531 1822 1086 1071 1553 1816 1710 1987 1830 1559 1583 1300 1548 1746 1712 1259 1973 1214 1745 1467 1769 1564 1484 1879 1379 1997 1370 1514 1725 1997 1084 1680 1336 1114 1181 1377 1863 1429 1491 1662 1746 1833 1956 1034 1606 1117 1287 1747 1693 1704 1442 1824 1022 1652 1561 1383 1972 1422 1562 1609 BCNSPRNW ULIB Ver.6.0+V

เปลี่ยนเป็นภาษาไทย

Change to English
 แสดงรายละเอียดบรรณานุกรม
  กลับหน้าหลัก

Brief Record : Get Marc (ISO 2709) : E-mail record : QR code < ปิดหน้าต่าง
LEADER : 00000nam 2200000uu 4500
001    13399114798
003     ULIB
008    120518s2552||||th 000 0 tha d
050  4 LB2324^bส226ค
110 1  สภาการพยาบาล
245 00 คู่มือการขอรับรองสถาบันการศึกษา การพยาบาลและการผดุงครรภ์ สำหรับสถาบันการศึกษาที่มีผู้สำเร็จการศึกษาจากหลักสูตรพยาบาลศาสตรบัณฑิต ปี พ.ศ.2552^cโดยสภาการพยาบาล
260    กรุงเทพฯ: ^bศิริยอดการพิมพ์,^c2552
300    51^c27 ซม
945    ^p100^l0^i031783
945    ^p100^l0^i031784
945    ^p100^l0^i031785
999 ^a ใช้งานได้ทุกระบบ
รายการนี้ยังไม่มีแท็ก
คุณยังไม่ได้ล็อกอิน คุณสามารถมีกิจกรรมร่วมกับเว็บไซต์ได้ แต่ต้องล็อกอินก่อน ::
  ล็อกอิน

รายการสื่อสารสนเทศ

ลำดับที่ ประเภท เลขเรียก/บาร์โค้ด สถานที่ สถานะ
- ไม่พบข้อมูล -

BibComment


ยังไม่เคยถูกคอมเมนท์

คอมเมนท์ทรัพยากรรายการนี้
  คอมเมนท์: คู่มือการขอรับรอง..


 Copyright 2026. Bcnsprnw @Library